Les compresseurs
Uloženo v:
| Hlavní autor: | |
|---|---|
| Médium: | Kniha |
| Jazyk: | francouzština |
| Vydáno: |
París
Dunod
1964
|
| Témata: | |
| Tagy: |
Přidat tag
Žádné tagy, Buďte první, kdo vytvoří štítek k tomuto záznamu!
|
MARC
| LEADER | 00000nam a2200000 a 4500 | ||
|---|---|---|---|
| 001 | UCU5824 | ||
| 003 | CL-VaPUC | ||
| 008 | 960614e19640000FR |||||||||||||||||fre|d | ||
| 082 | 0 | 4 | |a 621.51 |b CHA |2 21 |
| 100 | 0 | |a Chambadal, Paul |e author |9 363849 | |
| 245 | 1 | 4 | |a Les compresseurs |
| 300 | |a 187 p | ||
| 942 | |c BK | ||
| 945 | |d 19960614 00:00:00 |a cmena | ||
| 260 | |a París |b Dunod |c 1964 | ||
| 650 | 0 | |a Equipo neumático |9 334292 | |
| 650 | 0 | |a Ingeniería mecánica |9 262089 | |
| 650 | 7 | |a INSTRUMENTOS DE MEDIDA |2 CL-VaPUC |9 262517 | |
| 650 | 7 | |a BOMBAS MECANICA |2 CL-VaPUC |9 363850 | |
| 650 | 7 | |a TURBOMAQUINARIA |2 CL-VaPUC |9 336932 | |
| 650 | 7 | |a ENERGIA DE FLUIDOS |2 CL-VaPUC |9 348404 | |
| 583 | |a last modification |c 20160104 00:45:03 |k Rodrigo Vera | ||
| 999 | |c 249002 |d 249000 | ||